000 00675nam a2200205 ar4500
001 5667
005 20221127091200.0
008 311022s ||| 00010|eng d
020 _a9781138594821 (pbk)
_zSR112
082 0 4 _a720.19 D273 2019
100 1 _aDay, Christopher,
245 1 0 _aLiving architecture, living cities : soul-nourishing sustainability /
_cChristopher Day, Julie G. William
250 _a1st.ed.
260 _aNew York,
_bRoutledge,
_c2019
300 _a466 p.
_bill.col.
_c24 cm.
500 _aInckudes bib.references and index
650 4 _aSustainable urban development
650 4 _aArchitecture--Psychological aspects
700 0 _aGwilliam, Julie P.
999 _c5664
_d5664